<?xml version="1.0" encoding="UTF-8"?>
<record
    xmlns:xsi="http://www.w3.org/2001/XMLSchema-instance"
    xsi:schemaLocation="http://www.loc.gov/MARC21/slim http://www.loc.gov/standards/marcxml/schema/MARC21slim.xsd"
    xmlns="http://www.loc.gov/MARC21/slim">

  <leader>01096nam a2200253 i 4500</leader>
  <controlfield tag="001">bgj</controlfield>
  <datafield tag="245" ind1="0" ind2="0">
    <subfield code="a">Intertextuality in English and American Literature :</subfield>
    <subfield code="b">procedings from the Baranowo conference May 1988 /</subfield>
    <subfield code="c">[edited by] Andrzej Kopcewicz, Marek Wilczy&#x144;ski ; [organized by the Adam Mickiewicz University Institute of English].</subfield>
  </datafield>
  <datafield tag="260" ind1=" " ind2=" ">
    <subfield code="a">Pozna&#x144; :</subfield>
    <subfield code="b">Uniwersytet im. Adama Mickiewicza,</subfield>
    <subfield code="c">1992.</subfield>
  </datafield>
  <datafield tag="300" ind1=" " ind2=" ">
    <subfield code="a">168 pp ;</subfield>
    <subfield code="c">24 cm.</subfield>
  </datafield>
  <datafield tag="490" ind1="1" ind2=" ">
    <subfield code="a">Studia Anglica Posnaniensia / Uniwersytet im. Adama Mickiewicza,</subfield>
    <subfield code="x">0081-6272 ;</subfield>
    <subfield code="v">24</subfield>
  </datafield>
  <datafield tag="650" ind1=" " ind2="9">
    <subfield code="a">Literary criticism</subfield>
  </datafield>
  <datafield tag="650" ind1=" " ind2="9">
    <subfield code="a">American literature</subfield>
    <subfield code="x">History and criticism</subfield>
  </datafield>
  <datafield tag="650" ind1=" " ind2="9">
    <subfield code="a">English literature</subfield>
    <subfield code="x">History and criticism</subfield>
  </datafield>
  <datafield tag="700" ind1="1" ind2=" ">
    <subfield code="a">KOPCEWICZ, Andrzej.</subfield>
    <subfield code="e">ed.</subfield>
  </datafield>
  <datafield tag="700" ind1="1" ind2=" ">
    <subfield code="a">WILCZY&#x143;SKI, Marek.</subfield>
    <subfield code="e">ed.</subfield>
  </datafield>
  <datafield tag="710" ind1="p" ind2="0">
    <subfield code="a">ADAM MICKIEWICZ UNIVERSITY</subfield>
    <subfield code="a">Pozna&#x144;</subfield>
    <subfield code="b">Institute of English</subfield>
    <subfield code="b">Pozna&#x144;</subfield>
  </datafield>
  <datafield tag="830" ind1=" " ind2="0">
    <subfield code="a">Studia Anglica Posnaniensia (Uniwersytet im. Adama Mickiewicza) ;</subfield>
    <subfield code="v">24</subfield>
  </datafield>
  <datafield tag="020" ind1=" " ind2=" ">
    <subfield code="a">8323203954 (pbk)</subfield>
  </datafield>
  <datafield tag="040" ind1=" " ind2=" ">
    <subfield code="c">BPK</subfield>
  </datafield>
  <datafield tag="041" ind1="0" ind2=" ">
    <subfield code="a">eng</subfield>
  </datafield>
  <datafield tag="920" ind1=" " ind2=" ">
    <subfield code="a">83-232-0395-4 (pbk)</subfield>
  </datafield>
  <datafield tag="942" ind1=" " ind2=" ">
    <subfield code="c">KS</subfield>
  </datafield>
  <controlfield tag="008">      s        uk     f     |000 0 eng  </controlfield>
  <datafield tag="999" ind1=" " ind2=" ">
    <subfield code="c">47241</subfield>
    <subfield code="d">47241</subfield>
  </datafield>
  <datafield tag="856" ind1=" " ind2=" ">
    <subfield code="u">http://koha.tu.koszalin.pl/cgi-bin/koha/opac-detail.pl?biblionumber=47241</subfield>
    <subfield code="y">Katalog online BPK</subfield>
  </datafield>
  <datafield tag="952" ind1=" " ind2=" ">
    <subfield code="0">0</subfield>
    <subfield code="1">0</subfield>
    <subfield code="4">0</subfield>
    <subfield code="7">0</subfield>
    <subfield code="a">BPK</subfield>
    <subfield code="b">BPK</subfield>
    <subfield code="c">kw</subfield>
    <subfield code="o">KA 2609</subfield>
    <subfield code="p">09034983</subfield>
    <subfield code="y">KS</subfield>
  </datafield>
</record>
